Normal view
MARC view
- Authors, Kenyan
Entry Topical Term
001 - CONTROL NUMBER
- control field: 14761
003 - CONTROL NUMBER IDENTIFIER
- control field: OSt
005 - DATE AND TIME OF LATEST TRANSACTION
- control field: 20260128122302.0
008 - FIXED-LENGTH DATA ELEMENTS
- fixed length control field: 260128|| aca||aabn | a|a d
040 ## - CATALOGING SOURCE
- Original cataloging agency: OSt
- Transcribing agency: OSt
150 ## - HEADING--TOPICAL TERM
- Topical term or geographic name entry element: Authors, Kenyan
- Chronological subdivision: 20th century
- General subdivision: Diaries
670 ## - SOURCE DATA FOUND
- Source citation: Work cat.: (OSt)5854: Ngũgĩ wa Thiago, 1938-2025. 14759, Detained :, 1981.